LEADER 01343nam0 2200325 450 001 000035482 005 20180601095814.0 100 $a20131121d1938----km-y0itaa50------ba 101 0 $aita 102 $aIT 200 1 $a<> concimi$fFranco Angelini$ga cura del Comitato Nazionale per l'incremento delle Concimazioni 210 $aRoma$cArte della Stampa$d[1938] 215 $a157 p.$c[2] c. di tav.$d24 cm. 316 $aSulla pagina precedente il front.: Gioacchino Viggiani 6 gennaio 1940 606 1 $aConcimi 676 $a631.8$v(22. ed.)$9Concimi, ammendamenti, regolatori di accrescimento 700 1$aAngelini,$bFrancesco$f<1898->$0757881 712 02$aComitato Nazionale per l'incremento delle Concimazioni 801 0$aIT$bUniversità della Basilicata - B.I.A.$gREICAT$2unimarc 912 $a000035482 996 $aConcimi$91529743 997 $aUNIBAS CAT $aSTD094$b01$c20131121$lBAS01$h1058 CAT $aTTM$b30$c20131209$lBAS01$h1257 CAT $aATR$b20$c20180601$lBAS01$h0949 CAT $aATR$b20$c20180601$lBAS01$h0950 CAT $aATR$b20$c20180601$lBAS01$h0957 CAT $aATR$b20$c20180601$lBAS01$h0958 FMT Z30 -1$lBAS01$LBAS01$mBOOK$1BASA2$APolo Tecnico-Scientifico$2FVIG$BFondo Viggiani$3FVig/40915$640915$5T40915$7Collocato presso la Scuola di Agraria$820131121$f35$FStanza riservata LEADER 01643nam0 2200385 450 001 000022356 005 20090525095047.0 100 $a20081002d1877----km-y0itaa50------ba 101 1 $aita 102 $aIT 200 1 $aVentimila leghe sotto i mari$fGiulio Verne 205 $a4. ed. 210 $aMilano$c<> Treves$d1877 215 $a209 p.$d19 cm 225 2 $aBiblioteca utile$v188 300 $aIn cop. firma autografa: Sergio de Pilato 327 1 $aParte 1.: Il battello meraviglioso. - 4. ed. - 1877. - 179 p.$aParte 2.: Da un Polo all'altro. - 4. ed. -1877. - 209 p. 410 0$12001$aBiblioteca utile$v188, 189 559 1 $a<> battello meraviglioso 559 2 $aDa un Polo all'altro 676 $a843.8$v(21 ed.)$9Narrativa francese. 1848-1899 676 $a808.899282$v(21. ed.)$9Letteratura per ragazzi 700 1$aVerne,$bJules$0202108 801 0$aIT$bUniversità della Basilicata - B.I.A.$gRICA$2unimarc 912 $a000022356 996 $aVingt mille lieues sous les mers$925823 997 $aUNIBAS BAS $aLETTERE CAT $aSTD064$b01$c20081002$lBAS01$h1034 CAT $aSTD064$b01$c20081002$lBAS01$h1044 CAT $aTTM$b30$c20090525$lBAS01$h0950 CAT $aATR$b40$c20100412$lBAS01$h0853 FMT Z30 -1$lBAS01$LBAS01$mBOOK$1BASA1$APolo Storico-Umanistico$2FDEP2$BFondo De Pilato Biscione$3FD/108207$6108207$5L108207$820090525$e179$f52$FRari$hParte 1.: Il battello maraviglioso Z30 -1$lBAS01$LBAS01$mBOOK$1BASA1$APolo Storico-Umanistico$2FDEP2$BFondo De Pilato Biscione$3FD/108208$6108208$5L108208$820090525$e209$f52$FRari$hParte 2.: Da un Polo all'altro LEADER 02186nam1 22004213i 450 001 NAP0266490 005 20251003044246.0 100 $a20020205g20012002||||0itac50 ba 101 | $aita$cita 102 $ait 181 1$6z01$ai $bxxxe 182 1$6z01$an 183 1$6z01$anc$2RDAcarrier 200 1 $aRoberto D'Angiò e i suoi tempi$fRomolo Caggese 210 $a[Bologna]$cIl mulino$d2001-2002 215 $a2 v.$d25 cm 225 | $aIstituto italiano per gli studi storici$i. Ristampe anastatiche$v17 410 0$1001CFI0218894$12001 $aIstituto italiano per gli studi storici$i. Ristampe anastatiche$v17$171202$aIstituto italiano per gli studi storici$3CFIV093386 463 1$1001NAP0266502$12000 $a1$fRomolo Caggese$v1 463 1$1001NAP0272712$12000 $a2$fRomolo Caggese$v2 500 10$aRoberto D'Angiò e i suoi tempi$3RAV2137428$9CFIV011351$969509 606 $aRoberto : d'Angiò < re di Sicilia>$2FIR$3UFIC096743$9I 676 $a945.704$9STORIA DELL'ITALIA MERIDIONALE, 1186-1266$v20 676 $a945.705$9STORIA. ITALIA MERIDIONALE. PERIODO DELLA DINASTIA ANGIOINA, 1266-1442$v21 676 $a945.7052$9STORIA. ITALIA MERIDIONALE. 1266-1343$v23 676 $a945.7052092$9STORIA. ITALIA MERIDIONALE. CARLO I, CARLO II, ROBERTO D'ANGIO, 1266-1343. Persone$v22 700 1$aCaggese$b, Romolo$3CFIV011351$4070$0137358 801 3$aIT$bIT-000000$c20020205 850 $aIT-BN0095 $aIT-NA0043 $aIT-CE0060 $aIT-NA0079 $aIT-NA0120 $aIT-CE0127 $aIT-CE0066 $aIT-NA0228 $aIT-NA0097 901 $bNAP SP$cNF. $nNUOVO FONDO 901 $bNAP 01$cPOZZO LIB.$nVi sono collocati fondi di economia, periodici di ingegneria e scienze, periodici di economia e statistica e altri fondi comprendenti documenti di economia pervenuti in dono. 901 $bNAP DO$cSOPPALCO $n$ 901 $bNAP CT$cSEZ.GEN. $n$ 912 $aNAP0266490 950 1$aBiblioteca Centralizzata di Ateneo$cv. 1-2$d 01POZZO LIB.F. ASSANTE 516 977 $a 01$a AN$a AS$a BN$a CR$a CT$a CV$a DO$a SP 996 $aRoberto d'Angiò e i suoi tempi$969509 997 $aUNISANNIO